000 01038nam0a22002771 4500
001 rc\4887448
005 20250613030721.0
021 _aRU
_b[66-26699ж]
035 _a(NLR Aleph) 008920174
090 _a8819086
_c8819086
100 _a20130426d1966 |||y0rusy50 ca
101 0 _arus
102 _aRU
105 _ay z |||||
200 1 _aК теории семейств плоскостей в многомерном аффинном пространстве
210 _aРига
_cБ. и.
_d1966
215 _a196 с.
_d21
225 1 _aТруды Рижского института инженеров гражданской авиации имени Ленинского комсомола
_vВып. 85
606 _aПлоскость (мат.) в пространстве
_2psbo
606 _aАффинная геометрия
_2psbo
700 1 _aБерезина
_bЛ.Я.
_gЛюба Яковлевна
801 0 _aRU
_bNLR
_gpsbo
801 1 _aRU
_bELAR
_2rusmarc
852 _aNLR
_jП10/2720
942 _cBOOK
980 _aNB